Thiết kế, chế tạo và sử dụng thí nghiệm đơn giản trong dạy học cơ học- vật lý đại cương ở trường Đại học Đồng Tháp Luận văn thạc sĩ vật lý. Chuyên ngành: Phương pháp lý luận và dạy học vật lý . Mã số: 60.14.10

Αποθηκεύτηκε σε:
Λεπτομέρειες βιβλιογραφικής εγγραφής
Κύριος συγγραφέας: Nguyễn, Minh Phương
Άλλοι συγγραφείς: Nguyễn, Quang Lạc (Hướng dẫn)
Μορφή: Thesis Εργαλειοθήκη Βιβλίο
Γλώσσα:Vietnamese
Έκδοση: Vinh Đại học Vinh 2011
Θέματα:
Ετικέτες: Προσθήκη ετικέτας
Δεν υπάρχουν, Καταχωρήστε ετικέτα πρώτοι!
Thư viện lưu trữ: Trung tâm Học liệu Lê Vũ Hùng, Trường Đại học Đồng Tháp
LEADER 01338ppm a22002898a 4500
001 00029886
005 20171026081022.0
008 121127s2011 ||||||viesd
041 0 # |a vie 
082 1 4 |a 531.028  |b TH308K 
100 1 # |a Nguyễn, Minh Phương 
245 0 0 |a Thiết kế, chế tạo và sử dụng thí nghiệm đơn giản trong dạy học cơ học- vật lý đại cương ở trường Đại học Đồng Tháp  |b Luận văn thạc sĩ vật lý. Chuyên ngành: Phương pháp lý luận và dạy học vật lý . Mã số: 60.14.10  |c Nguyễn Minh Phương; Nguyễn Quang Lạc (hướng dẫn) 
260 # # |a Vinh  |b Đại học Vinh  |c 2011 
300 # # |b ảnh màu  |a 81 tr.  |c 30cm.  |e 1 bản tóm tắt 
500 # # |a ĐTTTS ghi: Bộ giáo dục và đào tạo. Trường Đại học Vinh 
653 # # |a Cơ học 
653 # # |a Đại học Đồng Tháp 
653 # # |a Vật lý đại cương 
653 # # |a Luận văn 
653 # # |a Thí nghiệm 
700 1 # |a Nguyễn, Quang Lạc  |e Hướng dẫn 
852 # # |j LV.0000078 
852 # # |b Kho đọc SĐH  |j LV.0000078 
910 |d 27/11/2012 
980 # # |a Trung tâm Học liệu Lê Vũ Hùng, Trường Đại học Đồng Tháp